000 00816nam a2200277Ia 4500
003 OSt
005 20221005070149.0
006 a|||||r|||| 00| 0
007 ta
008 221004b |||||||| |||| 00| 0 urd d
020 _c175
024 _a24981
037 _b4626, 31/12/2015, Kitabi Duniya
_cTextual
040 _aCRL
_cCRL
_burd
041 _2urd
_aurd
082 _aO168,3x, P5
100 _aSubhani Syed Mohammad Mohiuddin
_9605409
245 0 _aBahakte lamhon ka khumar
260 _aMuzaffarpur
_bKitabistan India
_c2005
300 _a170p.
_ccm.
650 _a URDU DRAMA
650 _a URDU FICTION
_93298
650 _aURDU LITERATURE
942 _hO168,3x, P5
_cTEXL
_2cc
999 _c975782
_d975782